zpět

Detail výsledku týmu

Krásná Morava, Olomouc

Datum a čas kvízu

31.5 Celkem bodů Celkový počet nahraných bodů na tomto kvízu bez doplňovacích otázek.
6. Pořadí na kvízu Konečné umístění týmu na tomto kvízu.

Zaznamenané odpovědi

# Otázka Odpověď Body Výsledky
1. Minulý týden se v Praze konal... Globsec 0
2. Malému chlapci se při návštěvě... Haifa 0
3. Čeští tvůrci z Warhorse Studio... Kingdom Come: Deliverance (II) 1
4. Česká pošta oznámila, že od ří... Balíkovna 1
5. Ve Formuli 1 došlo minulý týde... Williams 0
6. Téma začneme stavbou, které mn... v roce 1985 0
7. Žebříčků hodnotících nejoškliv... jako hotel 1
8. Nyní se ptáme na evropského vů... Nicolae Ceaușescu, Rumunsko 1
9. I Slovensko má svého zástupce... Martina Šimkovičová 0
10. V této londýnské budově sídlí... SIS 0